| 000 | 00455cam a2200169 4500 | ||
|---|---|---|---|
| 001 | 15395 | ||
| 005 | 20230410143316.0 | ||
| 008 | 060907n1998 dr spa | ||
| 035 | _9funglode15522 | ||
| 041 | _aES | ||
| 050 | 1 | 4 | _awendy |
| 100 | 1 |
_aBobadilla, José, _d1955- |
|
| 245 | 1 | 3 |
_aEl habitante de la guerra : _blos principios de la carne / _cJosé Bobadilla |
| 260 |
_aSan Cristobal : _bTorre Camila, _c1998 |
||
| 300 | _av.1 | ||
| 942 |
_2lcc _cbk |
||
| 999 |
_c99268 _d99268 |
||